Efficience et dimension des banques

Zapisane w:
Opis bibliograficzny
1. autor: Dumont, Gerard - Francois
Format: Książka
Język:Undetermined
Wydane: Paris 1975
Hasła przedmiotowe:
Etykiety: Dodaj etykietę
Nie ma etykietki, Dołącz pierwszą etykiete!
Thư viện lưu trữ: Trung tâm Học liệu Trường Đại học Cần Thơ
LEADER 00503nam a2200181Ia 4500
001 CTU_89169
008 210402s9999 xx 000 0 und d
082 |a 332.109 
082 |b D893 
100 |a Dumont, Gerard - Francois 
245 0 |a Efficience et dimension des banques 
245 0 |c Gerard - Francois Dumont 
260 |a Paris 
260 |c 1975 
650 |a Banks and banking,Banks and banking 
650 |z France 
904 |i Truc 
980 |a Trung tâm Học liệu Trường Đại học Cần Thơ